000 00540nam a22001577a 4500
008 240806b ||||| |||| 00| 0 eng d
020 _a9780958454926
050 _aBV 3700
_b.H36 2016
245 _aThe greatest century of missions /
260 _aHoward Place :
_bChristian Liberty Books,
_c2002
300 _ax, 146 p. :
_b ill., maps ;
_c22 cm.
500 _a Bibliography: p. 144.
505 _aMaps on lining papers. "With an introduction by George Grant"--Cover.
650 _aMissions
_xHistory
_y19th century.
942 _2lcc
_cBK
999 _c59362
_d59362